[Event "EYCC Open-U16 2019"]
[Site "Bratislava"]
[Date "2019.08.06"]
[Round "5.37"]
[White "Keprt, Tomas"]
[Black "Silich, Yahor"]
[Result "0-1"]
[WhiteElo "1438"]
[BlackElo "2100"]
[Annotator "NA"]
[PlyCount "92"]
[EventDate "2019.08.02"]
[EventType "swiss"]
[EventCountry "SVK"]
[SourceTitle "playchess.com"]
[Source "ChessBase"]
[SourceQuality "1"]
[TimeControl "40/5400+30:1800+30"]

1. e4 {[%emt 0:00:00]} c5 {[%emt 0:00:00]} 2. c3 {[%emt 0:00:00]} d5 {[%emt 0:00:18]} 3. exd5 {[%emt 0:00:00]} Qxd5 {[%emt 0:00:07]} 4. d4 {[%emt 0:00:45]} Nf6 {[%emt 0:01:31]} 5. Nf3 {[%emt 0:00:19]} e6 {[%emt 0:00:54]} 6. Be3 {[%emt 0:02:34]} Nc6 {[%emt 0:01:14]} 7. dxc5 {[%emt 0:02:57]} Qxd1+ {[%emt 0:00:42]} 8. Kxd1 {[%emt 0:00:10]} Ng4 {[%emt 0:00:43]} 9. b4 {[%emt 0:12:57]} Nxe3+ {[%emt 0:14:53]} 10. fxe3 {[%emt 0:00:16]} Bd7 {[%emt 0:03:40]} 11. Bb5 {[%emt 0:11:36]} a5 {[%emt 0:14:07]} 12. Bxc6 {[%emt 0:07:10]} Bxc6 {[%emt 0:04:33]} 13. Nbd2 {[%emt 0:01:32]} g6 {[%emt 0:04:38]} 14. Rg1 {[%emt 0:13:32]} axb4 {[%emt 0:04:02]} 15. cxb4 {[%emt 0:00:23]} Ra4 {[%emt 0:02:06]} 16. a3 {[%emt 0:01:38]} Bg7 {[%emt 0:01:29]} 17. Nd4 {[%emt 0:01:16]} Bd5 {[%emt 0:00:13]} 18. Kc2 {[%emt 0:01:33]} Ke7 {[%emt 0:02:11]} 19. g3 {[%emt 0:04:54]} h5 {[%emt 0:04:39]} 20. Nb1 {[%emt 0:02:50]} Raa8 {[%emt 0:13:09]} 21. Nc3 {[%emt 0:02:23]} Bc4 {[%emt 0:00:23]} 22. Rgd1 {[%emt 0:01:40]} h4 {[%emt 0:03:55]} 23. g4 {[%emt 0:02:41]} f5 {[%emt 0:01:19]} 24. gxf5 {[%emt 0:04:49]} gxf5 {[%emt 0:00:34]} 25. c6 {[%emt 0:01:38]} bxc6 {[%emt 0:09:20]} 26. Nxc6+ {[%emt 0:00:13]} Kf6 {[%emt 0:00:12]} 27. b5 {[%emt 0:02:50]} Rhc8 {[%emt 0:00:58]} 28. a4 {[%emt 0:01:04]} Bh6 {[%emt 0:00:31]} 29. Kd2 {[%emt 0:05:54]} e5 {[%emt 0:01:21]} 30. Ke1 {[%emt 0:04:36]} Ke6 {[%emt 0:03:15]} 31. Kf2 {[%emt 0:01:06]} f4 {[%emt 0:01:13]} 32. exf4 {[%emt 0:01:50]} Bxf4 {[%emt 0:00:11]} 33. h3 {[%emt 0:00:32]} Rf8 {[%emt 0:02:08]} 34. Ne4 {[%emt 0:06:00]} Bh6+ {[%emt 0:00:52]} 35. Kg2 {[%emt 0:01:40]} Bd5 {[%emt 0:00:46]} 36. Rxd5 {[%emt 0:01:51]} Kxd5 {[%emt 0:00:02]} 37. Nc3+ {[%emt 0:00:22]} Kc4 {[%emt 0:00:29]} 38. Ne4 {[%emt 0:00:21]} Rg8+ {[%emt 0:01:41]} 39. Kh1 {[%emt 0:00:58]} Raf8 {[%emt 0:00:19]} 40. Rg1 {[%emt 0:00:00]} Rxg1+ {[%emt 0:00:00]} 41. Kxg1 {[%emt 0:00:45]} Be3+ {[%emt 0:00:42]} 42. Kg2 {[%emt 0:02:27]} Kd3 {[%emt 0:01:05]} 43. Nd6 {[%emt 0:01:13]} Rg8+ {[%emt 0:03:45]} 44. Kh1 {[%emt 0:00:19]} Ke2 {[%emt 0:04:08]} 45. Nxe5 {[%emt 0:02:03]} Bf4 {[%emt 0:01:04]} 46. Ndc4 {[%emt 0:00:45]} Rg3 {[%emt 0:01:24]} 0-1

[Event "EYCC Open-U16 2019"]
[Site "Bratislava"]
[Date "2019.08.06"]
[Round "5.38"]
[White "Grutter, Tim"]
[Black "Sadovnikov, Konstantin"]
[Result "1-0"]
[WhiteElo "2091"]
[BlackElo "1798"]
[Annotator "NA"]
[PlyCount "59"]
[EventDate "2019.08.02"]
[EventType "swiss"]
[EventCountry "SVK"]
[SourceTitle "playchess.com"]
[Source "ChessBase"]
[SourceQuality "1"]
[TimeControl "40/5400+30:1800+30"]

1. e4 {[%emt 0:00:00]} c5 {[%emt 0:00:00]} 2. Nf3 {[%emt 0:00:00]} Nc6 {[%emt 0:00:00]} 3. d4 {[%emt 0:00:00]} cxd4 {[%emt 0:00:00]} 4. Nxd4 {[%emt 0:00:00]} Nf6 {[%emt 0:00:00]} 5. Nc3 {[%emt 0:00:00]} e5 {[%emt 0:00:00]} 6. Ndb5 {[%emt 0:00:00]} d6 {[%emt 0:00:01]} 7. Bg5 {[%emt 0:00:04]} a6 {[%emt 0:00:04]} 8. Na3 {[%emt 0:00:03]} b5 {[%emt 0:00:05]} 9. Nd5 {[%emt 0:00:04]} Be7 {[%emt 0:00:04]} 10. Bxf6 {[%emt 0:00:04]} Bxf6 {[%emt 0:00:04]} 11. c3 {[%emt 0:00:04]} Rb8 {[%emt 0:00:12]} 12. Nc2 {[%emt 0:00:11]} Bg5 {[%emt 0:00:05]} 13. a4 {[%emt 0:00:23]} bxa4 {[%emt 0:00:06]} 14. Ncb4 {[%emt 0:00:06]} Nxb4 {[%emt 0:00:16]} 15. cxb4 {[%emt 0:00:05]} O-O {[%emt 0:07:02]} 16. h4 {[%emt 0:04:19]} Be7 {[%emt 0:05:09]} 17. Rxa4 {[%emt 0:06:57]} Be6 {[%emt 0:09:29]} 18. Bxa6 {[%emt 0:06:47]} Bxd5 {[%emt 0:01:15]} 19. Qxd5 {[%emt 0:01:50]} Qd7 {[%emt 0:09:58]} 20. b5 {[%emt 0:04:14]} Kh8 {[%emt 0:00:39]} 21. Rc4 {[%emt 0:08:15]} f5 {[%emt 0:04:55]} 22. exf5 {[%emt 0:05:00]} Rxf5 {[%emt 0:11:27]} 23. b6 {[%emt 0:05:19]} Bd8 {[%emt 0:12:50]} 24. b7 {[%emt 0:02:32]} Bb6 {[%emt 0:04:32]} 25. Rc8+ {[%emt 0:04:03]} Rf8 {[%emt 0:00:12]} 26. O-O {[%emt 0:02:23]} Ba7 {[%emt 0:05:49]} 27. Qf3 {[%emt 0:10:07]} Rbxc8 {[%emt 0:03:26]} 28. bxc8=Q {[%emt 0:00:09]} Rxc8 {[%emt 0:00:10]} 29. Bxc8 {[%emt 0:00:10]} Qxc8 {[%emt 0:00:05]} 30. Ra1 {[%emt 0:00:11]} 1-0

[Event "EYCC Open-U16 2019"]
[Site "Bratislava"]
[Date "2019.08.06"]
[Round "5.39"]
[White "Carlsson, Ludvig"]
[Black "Gzib, David"]
[Result "1-0"]
[WhiteElo "2218"]
[BlackElo "2021"]
[Annotator "NA"]
[PlyCount "79"]
[EventDate "2019.08.02"]
[EventType "swiss"]
[EventCountry "SVK"]
[SourceTitle "playchess.com"]
[Source "ChessBase"]
[SourceQuality "1"]
[TimeControl "40/5400+30:1800+30"]

1. c4 {[%emt 0:00:00]} g6 {[%emt 0:00:00]} 2. g3 {[%emt 0:00:20]} Bg7 {[%emt 0:00:19]} 3. Bg2 {[%emt 0:00:12]} Nf6 {[%emt 0:00:22]} 4. Nc3 {[%emt 0:00:27]} c5 {[%emt 0:00:18]} 5. Nf3 {[%emt 0:00:11]} Nc6 {[%emt 0:00:34]} 6. O-O {[%emt 0:00:13]} O-O {[%emt 0:00:06]} 7. d4 {[%emt 0:04:20]} cxd4 {[%emt 0:01:32]} 8. Nxd4 {[%emt 0:02:59]} Qb6 {[%emt 0:00:37]} 9. Nc2 {[%emt 0:03:40]} d6 {[%emt 0:02:02]} 10. b3 {[%emt 0:02:55]} Qa5 {[%emt 0:03:27]} 11. Bb2 {[%emt 0:08:59]} Bd7 {[%emt 0:03:03]} 12. Qe1 {[%emt 0:05:16]} Qc7 {[%emt 0:03:47]} 13. Ne3 {[%emt 0:03:08]} Rfc8 {[%emt 0:15:35]} 14. Ncd5 {[%emt 0:07:29]} Nxd5 {[%emt 0:00:27]} 15. Nxd5 {[%emt 0:00:11]} Qd8 {[%emt 0:00:18]} 16. Bxg7 {[%emt 0:00:11]} Kxg7 {[%emt 0:00:06]} 17. Qc3+ {[%emt 0:00:15]} f6 {[%emt 0:07:40]} 18. Qe3 {[%emt 0:04:42]} e6 {[%emt 0:08:23]} 19. Nc3 {[%emt 0:01:26]} Qe7 {[%emt 0:08:39]} 20. Rfd1 {[%emt 0:01:14]} Rd8 {[%emt 0:03:12]} 21. Rd2 {[%emt 0:01:30]} Be8 {[%emt 0:05:15]} 22. Rad1 {[%emt 0:04:37]} Ne5 {[%emt 0:03:36]} 23. f4 {[%emt 0:02:08]} Nf7 {[%emt 0:03:10]} 24. Bh3 {[%emt 0:04:13]} e5 {[%emt 0:01:22]} 25. Nd5 {[%emt 0:00:16]} Qf8 {[%emt 0:00:13]} 26. Nc7 {[%emt 0:00:10]} exf4 {[%emt 0:02:05]} 27. gxf4 {[%emt 0:00:21]} Kh8 {[%emt 0:01:35]} 28. Nxa8 {[%emt 0:04:28]} Rxa8 {[%emt 0:00:14]} 29. Qe6 {[%emt 0:00:25]} Qg7 {[%emt 0:02:11]} 30. Bg2 {[%emt 0:01:00]} g5 {[%emt 0:01:46]} 31. e3 {[%emt 0:01:25]} gxf4 {[%emt 0:00:40]} 32. exf4 {[%emt 0:00:11]} Bc6 {[%emt 0:00:18]} 33. Kh1 {[%emt 0:01:36]} Rg8 {[%emt 0:00:22]} 34. Bxc6 {[%emt 0:01:27]} bxc6 {[%emt 0:00:08]} 35. Qe4 {[%emt 0:01:08]} Qg4 {[%emt 0:01:03]} 36. Re1 {[%emt 0:00:17]} f5 {[%emt 0:04:00]} 37. Qd4+ {[%emt 0:00:50]} Ne5 {[%emt 0:00:12]} 38. Rf2 {[%emt 0:00:52]} c5 {[%emt 0:04:54]} 39. Qxd6 {[%emt 0:01:19]} Nf3 {[%emt 0:07:53]} 40. Qf6+ {[%emt 0:00:00]} 1-0

[Event "EYCC Open-U16 2019"]
[Site "Bratislava"]
[Date "2019.08.06"]
[Round "5.40"]
[White "Vitenberg, Noam Aviv"]
[Black "Redzisz, Michal"]
[Result "1-0"]
[WhiteElo "2300"]
[BlackElo "2054"]
[Annotator "NA"]
[PlyCount "107"]
[EventDate "2019.08.02"]
[EventType "swiss"]
[EventCountry "SVK"]
[SourceTitle "playchess.com"]
[Source "ChessBase"]
[SourceQuality "1"]
[TimeControl "40/5400+30:1800+30"]

1. Nf3 {[%emt 0:00:00]} d5 {[%emt 0:00:00]} 2. d4 {[%emt 0:00:00]} Nf6 {[%emt 0:00:07]} 3. c4 {[%emt 0:00:14]} c6 {[%emt 0:01:45]} 4. e3 {[%emt 0:01:28]} Bf5 {[%emt 0:03:18]} 5. Nc3 {[%emt 0:01:31]} e6 {[%emt 0:01:32]} 6. Qb3 {[%emt 0:04:24]} Qb6 {[%emt 0:02:12]} 7. c5 {[%emt 0:04:51]} Qc7 {[%emt 0:01:00]} 8. Nh4 {[%emt 0:02:34]} Bg6 {[%emt 0:08:40]} 9. Nxg6 {[%emt 0:09:22]} hxg6 {[%emt 0:00:06]} 10. h3 {[%emt 0:02:22]} Nbd7 {[%emt 0:05:46]} 11. Bd2 {[%emt 0:02:47]} Be7 {[%emt 0:03:00]} 12. Be2 {[%emt 0:01:29]} e5 {[%emt 0:05:26]} 13. Qc2 {[%emt 0:12:24]} Nf8 {[%emt 0:17:23]} 14. Qa4 {[%emt 0:22:34]} Ne6 {[%emt 0:01:42]} 15. O-O-O {[%emt 0:03:55]} O-O {[%emt 0:16:16]} 16. Be1 {[%emt 0:17:34]} exd4 {[%emt 0:10:00]} 17. exd4 {[%emt 0:00:28]} Qf4+ {[%emt 0:04:58]} 18. Kb1 {[%emt 0:00:45]} b5 {[%emt 0:01:19]} 19. cxb6 axb6 {[%emt 0:00:11]} 20. Qxc6 {[%emt 0:06:23]} Nxd4 {[%emt 0:00:33]} 21. Qb7 {[%emt 0:00:34]} Bc5 {[%emt 0:09:12]} 22. Bd3 {[%emt 0:00:55]} Rfb8 {[%emt 0:02:54]} 23. Nxd5 {[%emt 0:01:03]} Qd6 {[%emt 0:00:32]} 24. Nxf6+ {[%emt 0:00:24]} gxf6 {[%emt 0:00:15]} 25. Qe4 {[%emt 0:01:21]} f5 {[%emt 0:00:32]} 26. Qh4 {[%emt 0:01:02]} Qd5 {[%emt 0:03:04]} 27. b3 {[%emt 0:00:22]} Nxb3 {[%emt 0:00:39]} 28. Bc2 {[%emt 0:00:52]} Nd4 {[%emt 0:00:41]} 29. Bb3 {[%emt 0:00:17]} Qe5 {[%emt 0:00:37]} 30. Bc3 {[%emt 0:00:32]} Rd8 {[%emt 0:00:43]} 31. Rhe1 {[%emt 0:01:17]} Qg7 {[%emt 0:00:19]} 32. Rd3 {[%emt 0:01:07]} g5 {[%emt 0:00:38]} 33. Qh5 {[%emt 0:00:17]} Rd7 {[%emt 0:00:31]} 34. Rg3 {[%emt 0:00:30]} g4 {[%emt 0:00:24]} 35. hxg4 {[%emt 0:01:07]} f4 {[%emt 0:00:02]} 36. Rh3 {[%emt 0:00:17]} Bb4 {[%emt 0:01:04]} 37. Reh1 {[%emt 0:00:48]} Bxc3 {[%emt 0:00:33]} 38. Qh8+ {[%emt 0:00:26]} Qxh8 {[%emt 0:00:03]} 39. Rxh8+ {[%emt 0:00:04]} Kg7 {[%emt 0:00:04]} 40. Rxa8 {[%emt 0:00:00]} Nxb3 {[%emt 0:00:00]} 41. axb3 {[%emt 0:01:23]} Re7 {[%emt 0:03:09]} 42. Rc1 {[%emt 0:13:43]} Bd4 {[%emt 0:00:30]} 43. Ra2 {[%emt 0:00:22]} Kg6 {[%emt 0:00:48]} 44. Rd1 {[%emt 0:01:28]} Bc5 {[%emt 0:00:38]} 45. Rb2 {[%emt 0:02:12]} Ba3 {[%emt 0:00:49]} 46. Rc2 {[%emt 0:01:13]} Bc5 {[%emt 0:00:08]} 47. f3 {[%emt 0:01:23]} Re3 {[%emt 0:02:35]} 48. Kb2 {[%emt 0:01:51]} Re6 {[%emt 0:01:28]} 49. Rd5 {[%emt 0:00:24]} Bg1 {[%emt 0:01:13]} 50. b4 {[%emt 0:01:38]} f6 {[%emt 0:00:32]} 51. Kb3 {[%emt 0:00:45]} Kf7 {[%emt 0:01:10]} 52. Rc7+ {[%emt 0:00:37]} Kg6 {[%emt 0:00:08]} 53. Rdd7 {[%emt 0:00:49]} Kg5 {[%emt 0:00:04]} 54. Rh7 {[%emt 0:01:16]} 1-0

[Event "EYCC Open-U16 2019"]
[Site "Bratislava"]
[Date "2019.08.06"]
[Round "5.41"]
[White "Karadzhov, Ivan"]
[Black "Novotny, Martin"]
[Result "1/2-1/2"]
[WhiteElo "2023"]
[BlackElo "2178"]
[Annotator "NA"]
[PlyCount "104"]
[EventDate "2019.08.02"]
[EventType "swiss"]
[EventCountry "SVK"]
[SourceTitle "playchess.com"]
[Source "ChessBase"]
[SourceQuality "1"]
[TimeControl "40/5400+30:1800+30"]

1. d4 {[%emt 0:00:00]} Nf6 {[%emt 0:00:00]} 2. c4 {[%emt 0:00:00]} c5 {[%emt 0:00:00]} 3. d5 {[%emt 0:00:07]} b5 {[%emt 0:00:00]} 4. cxb5 {[%emt 0:00:07]} a6 {[%emt 0:00:00]} 5. bxa6 {[%emt 0:00:13]} g6 {[%emt 0:00:17]} 6. Nc3 {[%emt 0:00:11]} Bg7 {[%emt 0:00:13]} 7. Nf3 {[%emt 0:00:09]} O-O {[%emt 0:00:40]} 8. e4 {[%emt 0:02:00]} Qa5 {[%emt 0:01:38]} 9. Bd2 {[%emt 0:10:20]} Bxa6 {[%emt 0:02:40]} 10. Bxa6 {[%emt 0:02:29]} Qxa6 {[%emt 0:02:34]} 11. Qe2 {[%emt 0:02:19]} e6 {[%emt 0:07:33]} 12. Qxa6 {[%emt 0:30:28]} Nxa6 {[%emt 0:02:18]} 13. O-O {[%emt 0:04:07]} exd5 {[%emt 0:11:17]} 14. exd5 {[%emt 0:02:28]} Nb4 {[%emt 0:06:08]} 15. d6 {[%emt 0:08:29]} Ra6 {[%emt 0:07:20]} 16. Be3 {[%emt 0:04:42]} Nd3 {[%emt 0:10:33]} 17. Rab1 {[%emt 0:01:34]} Ng4 {[%emt 0:06:38]} 18. Rfd1 {[%emt 0:07:58]} Nxb2 {[%emt 0:10:26]} 19. Rxb2 {[%emt 0:00:14]} Nxe3 {[%emt 0:00:13]} 20. fxe3 {[%emt 0:00:24]} Bxc3 {[%emt 0:00:05]} 21. Rc2 {[%emt 0:02:48]} Bb4 {[%emt 0:04:47]} 22. Ne5 {[%emt 0:01:48]} Rd8 {[%emt 0:02:20]} 23. Rd5 {[%emt 0:06:58]} f6 {[%emt 0:06:14]} 24. Nd3 {[%emt 0:02:12]} Kf7 {[%emt 0:02:37]} 25. Rf2 {[%emt 0:04:55]} Rda8 {[%emt 0:06:14]} 26. Nxb4 {[%emt 0:04:48]} cxb4 {[%emt 0:00:08]} 27. Rd4 {[%emt 0:00:22]} Rxa2 {[%emt 0:00:45]} 28. Rxb4 {[%emt 0:00:35]} Ra1+ {[%emt 0:01:34]} 29. Rf1 {[%emt 0:00:08]} Rxf1+ {[%emt 0:00:10]} 30. Kxf1 {[%emt 0:00:05]} Ra6 {[%emt 0:01:57]} 31. Kf2 {[%emt 0:00:23]} Rxd6 {[%emt 0:00:04]} 32. Kf3 {[%emt 0:00:05]} Rd2 {[%emt 0:01:12]} 33. h3 {[%emt 0:00:27]} Ke6 {[%emt 0:00:57]} 34. Re4+ {[%emt 0:00:21]} Kf7 {[%emt 0:00:41]} 35. Ra4 {[%emt 0:00:15]} f5 {[%emt 0:01:08]} 36. Rb4 {[%emt 0:01:09]} Ke6 {[%emt 0:00:26]} 37. Rb6+ {[%emt 0:00:25]} Ke5 {[%emt 0:01:40]} 38. Rb5+ {[%emt 0:00:39]} d5 {[%emt 0:00:46]} 39. Rb7 {[%emt 0:00:28]} h5 {[%emt 0:00:27]} 40. h4 {[%emt 0:00:00]} Rd3 {[%emt 0:00:00]} 41. Ke2 {[%emt 0:01:55]} Ra3 {[%emt 0:03:13]} 42. Rb6 {[%emt 0:00:50]} Ra4 {[%emt 0:02:12]} 43. Rxg6 {[%emt 0:00:27]} Rxh4 {[%emt 0:00:10]} 44. Kf3 {[%emt 0:01:16]} Rg4 {[%emt 0:10:58]} 45. Rh6 {[%emt 0:00:36]} h4 {[%emt 0:00:30]} 46. Rh8 {[%emt 0:00:17]} d4 {[%emt 0:02:04]} 47. exd4+ {[%emt 0:00:28]} Rxd4 {[%emt 0:01:47]} 48. Re8+ {[%emt 0:00:27]} Kf6 {[%emt 0:00:06]} 49. Rf8+ {[%emt 0:00:09]} Ke6 {[%emt 0:01:58]} 50. Re8+ {[%emt 0:00:13]} Kf7 {[%emt 0:00:05]} 51. Ra8 {[%emt 0:00:07]} Re4 {[%emt 0:02:30]} 52. Ra6 {[%emt 0:00:46]} Kg7 {[%emt 0:01:04] Kxe4} 1/2-1/2

[Event "EYCC Open-U16 2019"]
[Site "Bratislava"]
[Date "2019.08.06"]
[Round "5.42"]
[White "Mica, Marek"]
[Black "Martin Barcelo, Carles"]
[Result "1/2-1/2"]
[WhiteElo "2222"]
[BlackElo "2012"]
[Annotator "NA"]
[PlyCount "263"]
[EventDate "2019.08.02"]
[EventType "swiss"]
[EventCountry "SVK"]
[SourceTitle "playchess.com"]
[Source "ChessBase"]
[SourceQuality "1"]
[TimeControl "40/5400+30:1800+30"]

1. d4 {[%emt 0:00:00]} Nf6 {[%emt 0:00:00]} 2. Nf3 {[%emt 0:00:00]} g6 {[%emt 0:00:00]} 3. c4 {[%emt 0:00:00]} Bg7 {[%emt 0:00:00]} 4. g3 {[%emt 0:00:02]} O-O {[%emt 0:00:00]} 5. Bg2 {[%emt 0:00:06]} d6 {[%emt 0:00:03]} 6. O-O {[%emt 0:00:10]} Nc6 {[%emt 0:00:30]} 7. Nc3 {[%emt 0:00:12]} a6 {[%emt 0:00:04]} 8. h3 {[%emt 0:00:13]} Bd7 {[%emt 0:00:46]} 9. e4 {[%emt 0:00:19]} e5 {[%emt 0:00:38]} 10. dxe5 {[%emt 0:00:25]} Nxe5 {[%emt 0:03:12]} 11. Nxe5 {[%emt 0:00:18]} dxe5 {[%emt 0:00:09]} 12. Bg5 {[%emt 0:00:20]} h6 {[%emt 0:06:39]} 13. Be3 {[%emt 0:00:22]} Be6 {[%emt 0:20:12]} 14. Qe2 {[%emt 0:01:13]} Qc8 {[%emt 0:01:25]} 15. Kh2 {[%emt 0:00:21]} Nd7 {[%emt 0:03:41]} 16. Nd5 {[%emt 0:08:23]} Kh7 {[%emt 0:04:11]} 17. f4 {[%emt 0:11:04]} exf4 {[%emt 0:23:05]} 18. gxf4 {[%emt 0:02:20]} c6 {[%emt 0:06:54]} 19. Rac1 {[%emt 0:08:22]} Qb8 {[%emt 0:08:09]} 20. Nb4 {[%emt 0:13:45]} f5 {[%emt 0:03:19]} 21. e5 {[%emt 0:00:47]} Nxe5 {[%emt 0:09:48]} 22. Bc5 {[%emt 0:16:28]} Bxc4 {[%emt 0:02:02]} 23. Rxc4 {[%emt 0:00:23]} Re8 {[%emt 0:00:20]} 24. Rc2 {[%emt 0:13:37]} Ng4+ {[%emt 0:03:01]} 25. hxg4 {[%emt 0:00:10]} Rxe2 {[%emt 0:00:03]} 26. Rxe2 {[%emt 0:00:06]} a5 {[%emt 0:02:09]} 27. Nc2 {[%emt 0:04:13]} Bf8 {[%emt 0:01:58]} 28. Bxf8 {[%emt 0:04:27]} Qxf8 {[%emt 0:00:02]} 29. gxf5 {[%emt 0:00:12]} Qxf5 {[%emt 0:00:51]} 30. Bh3 {[%emt 0:00:42]} Qd3 {[%emt 0:00:57]} 31. Rff2 {[%emt 0:02:32]} Rf8 {[%emt 0:00:26]} 32. Rd2 {[%emt 0:03:26]} Qe4 {[%emt 0:00:31]} 33. Rd4 {[%emt 0:00:40]} Qe8 {[%emt 0:00:43]} 34. Rfd2 {[%emt 0:09:14]} Kh8 {[%emt 0:00:25]} 35. Bg4 {[%emt 0:01:19]} c5 {[%emt 0:00:29]} 36. Re2 {[%emt 0:00:50]} Qxe2+ {[%emt 0:00:37]} 37. Bxe2 {[%emt 0:00:09]} cxd4 {[%emt 0:00:03]} 38. Nxd4 {[%emt 0:00:26]} Rxf4 {[%emt 0:00:17]} 39. Nf3 {[%emt 0:00:05]} Rb4 {[%emt 0:00:33]} 40. b3 {[%emt 0:00:00]} a4 {[%emt 0:00:00]} 41. Bc4 {[%emt 0:01:52]} axb3 {[%emt 0:08:16]} 42. axb3 {[%emt 0:00:08]} Rb6 {[%emt 0:02:47]} 43. Kg3 {[%emt 0:00:34]} Kg7 {[%emt 0:00:32]} 44. Ne5 {[%emt 0:00:44]} Rf6 {[%emt 0:02:32]} 45. Nd3 {[%emt 0:03:00]} h5 {[%emt 0:07:29]} 46. Nc5 {[%emt 0:00:33]} b6 {[%emt 0:00:19]} 47. Ne4 {[%emt 0:01:23]} Rf5 {[%emt 0:02:03]} 48. Nd6 {[%emt 0:00:59]} Rf8 {[%emt 0:00:35]} 49. Ne4 {[%emt 0:01:32]} Kh6 {[%emt 0:00:30]} 50. Nd6 {[%emt 0:04:30]} Rf6 {[%emt 0:08:46]} 51. Ne4 {[%emt 0:00:14]} Rf5 {[%emt 0:00:19]} 52. Nd6 {[%emt 0:00:10]} Rg5+ {[%emt 0:01:12]} 53. Kh3 {[%emt 0:00:31]} Rc5 {[%emt 0:00:25]} 54. b4 {[%emt 0:02:40]} Rc6 {[%emt 0:00:45]} 55. Nf7+ {[%emt 0:00:07]} Kg7 {[%emt 0:00:11]} 56. Ne5 {[%emt 0:00:20]} Rc7 {[%emt 0:00:30]} 57. Bf1 {[%emt 0:01:51]} Kf6 {[%emt 0:00:59]} 58. Nc4 {[%emt 0:00:25]} Rb7 {[%emt 0:01:20]} 59. b5 {[%emt 0:00:50]} Rb8 {[%emt 0:00:40]} 60. Bg2 {[%emt 0:00:30]} g5 {[%emt 0:00:41]} 61. Kg3 {[%emt 0:01:13]} Kg6 {[%emt 0:00:43]} 62. Be4+ {[%emt 0:01:37]} Kf6 {[%emt 0:00:13]} 63. Bc6 {[%emt 0:00:28]} Kf5 {[%emt 0:00:33]} 64. Nd6+ {[%emt 0:01:03]} Ke5 {[%emt 0:00:17]} 65. Nc4+ {[%emt 0:00:50]} Kd4 {[%emt 0:00:38]} 66. Nd6 {[%emt 0:00:22]} Rg8 {[%emt 0:00:45]} 67. Nf5+ {[%emt 0:00:51]} Ke5 {[%emt 0:00:29]} 68. Ne3 {[%emt 0:00:48]} Kd4 {[%emt 0:00:18]} 69. Nf5+ {[%emt 0:00:09]} Kc5 {[%emt 0:00:20]} 70. Ne7 {[%emt 0:01:49]} Rg7 {[%emt 0:00:06]} 71. Nf5 {[%emt 0:00:12]} Rg6 {[%emt 0:00:26]} 72. Be8 {[%emt 0:01:18]} Rf6 {[%emt 0:00:37]} 73. Ng7 {[%emt 0:00:47]} Rh6 {[%emt 0:01:12]} 74. Nxh5 {[%emt 0:01:13]} Rh8 {[%emt 0:00:37]} 75. Bf7 {[%emt 0:00:08]} Kxb5 {[%emt 0:00:24]} 76. Kg4 {[%emt 0:00:27]} Ka4 {[%emt 0:00:31]} 77. Kxg5 {[%emt 0:00:23]} b5 {[%emt 0:00:03]} 78. Ng3 {[%emt 0:00:43]} b4 {[%emt 0:00:16]} 79. Ne4 {[%emt 0:00:33]} Rb8 {[%emt 0:00:20]} 80. Nc5+ {[%emt 0:01:09]} Ka3 {[%emt 0:00:04]} 81. Nd3 {[%emt 0:01:23]} b3 {[%emt 0:00:31]} 82. Bxb3 {[%emt 0:00:13]} Kxb3 {[%emt 0:00:07]} 83. Nf4 {[%emt 0:00:25]} Kc4 {[%emt 0:00:04]} 84. Kf5 {[%emt 0:00:20]} Kd4 {[%emt 0:00:21]} 85. Ne6+ {[%emt 0:00:12]} Kd5 {[%emt 0:00:10]} 86. Nf4+ {[%emt 0:00:08]} Kd6 {[%emt 0:00:02]} 87. Ke4 {[%emt 0:00:23]} Rb4+ {[%emt 0:00:59]} 88. Ke3 {[%emt 0:00:13]} Ra4 {[%emt 0:00:12]} 89. Nd3 {[%emt 0:00:21]} Kd5 {[%emt 0:00:27]} 90. Nf4+ {[%emt 0:00:14]} Ke5 {[%emt 0:00:04]} 91. Nd3+ {[%emt 0:00:20]} Kf5 {[%emt 0:00:04]} 92. Nc5 {[%emt 0:00:26]} Rb4 {[%emt 0:01:45]} 93. Nd3 {[%emt 0:00:27]} Rc4 {[%emt 0:00:15]} 94. Nb2 {[%emt 0:00:31]} Rh4 {[%emt 0:00:47]} 95. Nd3 {[%emt 0:00:32]} Rh8 {[%emt 0:01:17]} 96. Kd4 {[%emt 0:00:31]} Re8 {[%emt 0:00:22]} 97. Nc5 {[%emt 0:00:25]} Re7 {[%emt 0:00:55]} 98. Kd5 {[%emt 0:00:25]} Ra7 {[%emt 0:01:30]} 99. Kd4 {[%emt 0:00:23]} Ra2 {[%emt 0:00:50]} 100. Kd5 {[%emt 0:00:20]} Rd2+ {[%emt 0:00:09]} 101. Kc4 {[%emt 0:00:32]} Ke5 {[%emt 0:00:47]} 102. Nd3+ {[%emt 0:00:16]} Ke4 {[%emt 0:00:14]} 103. Nc5+ {[%emt 0:00:09]} Ke3 {[%emt 0:00:07]} 104. Nb3 {[%emt 0:00:23]} Rd8 {[%emt 0:00:32]} 105. Nc5 {[%emt 0:00:23]} Rd4+ {[%emt 0:00:08]} 106. Kc3 {[%emt 0:01:29]} Rd6 {[%emt 0:01:05]} 107. Kc4 {[%emt 0:00:09]} Rd8 {[%emt 0:00:13]} 108. Kc3 {[%emt 0:00:33]} Rd4 {[%emt 0:00:15]} 109. Nb3 {[%emt 0:00:13]} Rg4 {[%emt 0:01:27]} 110. Nc5 {[%emt 0:00:13]} Rh4 {[%emt 0:00:31]} 111. Nb3 {[%emt 0:00:21]} Rh2 {[%emt 0:00:32]} 112. Nc5 {[%emt 0:00:33]} Rh5 {[%emt 0:00:16]} 113. Kc4 {[%emt 0:00:26]} Rg5 {[%emt 0:00:26]} 114. Nb3 {[%emt 0:00:11]} Ke4 {[%emt 0:00:49]} 115. Nc5+ {[%emt 0:00:15]} Ke5 {[%emt 0:00:09]} 116. Nd3+ {[%emt 0:00:11]} Kd6 {[%emt 0:00:06]} 117. Kd4 {[%emt 0:00:09]} Rg4+ {[%emt 0:00:07]} 118. Ke3 {[%emt 0:00:08]} Rh4 {[%emt 0:00:13]} 119. Nf4 {[%emt 0:00:18]} Rh8 {[%emt 0:00:36]} 120. Ke4 {[%emt 0:00:26]} Re8+ {[%emt 0:00:14]} 121. Kf5 {[%emt 0:00:24]} Re1 {[%emt 0:00:44]} 122. Kf6 {[%emt 0:00:34]} Re8 {[%emt 0:00:23]} 123. Kf5 {[%emt 0:00:06]} Re7 {[%emt 0:00:29]} 124. Kf6 {[%emt 0:00:14]} Re3 {[%emt 0:00:13]} 125. Kf5 {[%emt 0:00:07]} Re8 {[%emt 0:00:20]} 126. Ng6 {[%emt 0:00:21]} Rg8 {[%emt 0:00:20]} 127. Nf4 {[%emt 0:00:17]} Rg1 {[%emt 0:00:14]} 128. Kf6 {[%emt 0:00:08]} Rg4 {[%emt 0:00:10]} 129. Kf5 {[%emt 0:00:06]} Rg8 {[%emt 0:00:04]} 130. Ke4 {[%emt 0:00:09]} Rg5 {[%emt 0:00:13]} 131. Nd3 {[%emt 0:00:08]} Re5+ {[%emt 0:00:14]} 132. Nxe5 {[%emt 0:00:08] Kxe5+} 1/2-1/2